[Event "Cracovia 2009"]
[Site "Krakow"]
[Date "2010.01.04"]
[Round "9.21"]
[White "Warakomska, Anna"]
[Black "Swiech, Przemyslaw"]
[Result "0-1"]
[WhiteElo "2189"]
[BlackElo "2134"]
[PlyCount "106"]
[EventDate "2009.??.??"]

1. e4 c5 2. Nf3 Nc6 3. d4 cxd4 4. Nxd4 Nf6 5. Nc3 e5 6. Ndb5 d6 7. Bg5 a6 8.
Na3 b5 9. Nd5 Be7 10. Bxf6 Bxf6 11. c3 Ne7 12. Nxf6+ gxf6 13. Nc2 f5 14. exf5
Bxf5 15. Ne3 Be6 16. a4 Rb8 17. axb5 axb5 18. Bd3 d5 19. Qe2 O-O 20. O-O e4 21.
Bxb5 Ng6 22. f4 exf3 23. Rxf3 Qb6 24. Bd3 Bg4 25. Kh1 Rfe8 26. Raf1 Bxf3 27.
Rxf3 Re5 28. b4 Rbe8 29. Nxd5 Qe6 30. Nf6+ Qxf6 31. Rxf6 Rxe2 32. Bxe2 Rxe2 33.
h3 Ne5 34. Ra6 Rc2 35. Ra8+ Kg7 36. Rc8 Rb2 37. Rc5 Nd3 38. Rd5 Nf2+ 39. Kh2
Rc2 40. Rg5+ Kf6 41. Rg3 Ne4 42. Rf3+ Ke6 43. Rf4 f5 44. Rh4 Ng5 45. Rh5 Kf6
46. Rh6+ Ke5 47. h4 Nf3+ 48. Kh3 Ne1 49. Rxh7 Nxg2 50. Rc7 Ke4 51. Rc4+ Kf3 52.
h5 Nf4+ 53. Kh4 Rg2 0-1

[Event "Cracovia 2009"]
[Site "Krakow"]
[Date "2010.01.04"]
[Round "9.22"]
[White "Luca, Ionel"]
[Black "Jagodzinski, Piotr"]
[Result "1-0"]
[WhiteElo "2153"]
[BlackElo "2207"]
[PlyCount "61"]
[EventDate "2009.??.??"]

1. c4 {[%emt 0:00:00]} Nf6 2. Nc3 e6 3. g3 Be7 4. Bg2 O-O 5. e4 c5 6. Nge2 Nc6
7. d3 a6 8. O-O Rb8 9. d4 cxd4 10. Nxd4 Nxd4 11. Qxd4 d6 12. e5 dxe5 13. Qxe5
Bd6 14. Qe2 Qc7 15. Bg5 Kh8 16. Rad1 Re8 17. Bxf6 gxf6 18. Nd5 exd5 19. Qxe8+
Kg7 20. Bxd5 Bh3 21. Qe2 Bxf1 22. Qg4+ Kf8 23. Rxf1 Be5 24. Re1 b5 25. b3 bxc4
26. Bxc4 Rd8 27. Qf5 Kg7 28. Re4 Rg8 29. Kg2 Qc6 30. f3 h6 31. Rxe5 1-0

[Event "Cracovia 2009"]
[Site "Krakow"]
[Date "2010.01.04"]
[Round "9.23"]
[White "Kumor, Lukasz"]
[Black "Zysko, Jan"]
[Result "0-1"]
[WhiteElo "2104"]
[BlackElo "2205"]
[PlyCount "94"]
[EventDate "2009.??.??"]

1. e4 c5 2. Nf3 d6 3. d4 cxd4 4. Nxd4 Nf6 5. Nc3 e6 6. Be3 a6 7. Be2 Qc7 8. a4
Be7 9. O-O O-O 10. f4 Nc6 11. Nb3 b6 12. g4 Re8 13. g5 Nd7 14. Rf3 g6 15. Rh3
Bf8 16. Qe1 Bb7 17. Qh4 h6 18. Rf1 Na5 19. Nxa5 bxa5 20. gxh6 Kh7 21. f5 Ne5
22. fxg6+ fxg6 23. Rg3 Be7 24. Qh3 Rf8 25. Qxe6 Rxf1+ 26. Bxf1 Rf8 27. Bd3 Bh4
28. Rg2 Bc8 29. Qa2 Bh3 30. Bf1 Nf3+ 31. Kh1 d5 32. Bg1 Nxg1 33. Rxg1 Rxf1 34.
Rxf1 Bxf1 35. Qxd5 Qf4 36. e5 Bc4 37. Qd1 Qxe5 38. Kg2 Qg5+ 39. Kf3 Qf5+ 40.
Kg2 Qf2+ 41. Kh1 Kxh6 42. Qc1+ Kg7 43. Qd1 Bf6 44. Qd7+ Bf7 45. Qd3 Be5 46. Qe2
Bd5+ 47. Ne4 Bxe4+ 0-1

[Event "Cracovia 2009"]
[Site "Krakow"]
[Date "2010.01.04"]
[Round "9.24"]
[White "Baumann, Dariusz"]
[Black "Kireev, Andrey"]
[Result "0-1"]
[WhiteElo "2085"]
[BlackElo "2163"]
[PlyCount "150"]
[EventDate "2009.??.??"]

1. d4 Nf6 2. c4 e5 3. dxe5 Ng4 4. Bf4 Bb4+ 5. Nd2 Qe7 6. Ngf3 Nc6 7. a3 Ngxe5
8. Nxe5 Nxe5 9. e3 Bxd2+ 10. Qxd2 d6 11. Be2 O-O 12. O-O b6 13. b4 Bb7 14. Rac1
Rad8 15. Qb2 Ng6 16. Bg3 Nh4 17. Bxh4 Qxh4 18. Qd4 Qg5 19. Qg4 Qxg4 20. Bxg4 f5
21. Bf3 Bxf3 22. gxf3 f4 23. e4 Rf6 24. Rfd1 Rg6+ 25. Kf1 Kf7 26. c5 bxc5 27.
bxc5 Ke7 28. Rd5 c6 29. cxd6+ Rdxd6 30. Rxd6 Kxd6 31. Ke2 Rg5 32. Rd1+ Kc7 33.
Rd4 Ra5 34. a4 Rh5 35. Rd1 Ra5 36. Rd4 g6 37. Kf1 Rh5 38. Kg2 c5 39. Rc4 Kc6
40. h3 a6 41. Kh2 Re5 42. Kg2 Re8 43. Kf1 Rb8 44. Ke2 Rb1 45. Kd3 g5 46. Rc3
Rd1+ 47. Ke2 Rh1 48. Kd3 Rxh3 49. Kc4 Rh1 50. Rc2 Ra1 51. Kb3 Rd1 52. Re2 Kd6
53. Kc2 Rd4 54. Kb3 Rd3+ 55. Kc4 Rd4+ 56. Kb3 Ke5 57. Rc2 Rd3+ 58. Kb2 Rxf3 59.
Rxc5+ Kxe4 60. Rxg5 Rxf2+ 61. Kc3 Rh2 62. Rg8 f3 63. Re8+ Kf4 64. Kd3 Ra2 65.
Rf8+ Kg3 66. Rg8+ Kf2 67. Rh8 Ra3+ 68. Kd2 Rxa4 69. Rxh7 Rd4+ 70. Kc3 Rd5 71.
Ra7 a5 72. Kc4 Rg5 73. Kd3 Kg2 74. Rf7 f2 75. Ke2 Re5+ 0-1

[Event "Cracovia 2009"]
[Site "Krakow"]
[Date "2010.01.04"]
[Round "9.25"]
[White "Malec, Sebastian"]
[Black "Slabek, Grzegorz"]
[Result "1-0"]
[WhiteElo "2100"]
[BlackElo "2154"]
[PlyCount "55"]
[EventDate "2009.??.??"]

1. e4 d5 2. exd5 Nf6 3. d4 Nxd5 4. Be2 g6 5. Nf3 Bg7 6. c4 Nb6 7. a4 a5 8. Nc3
Nc6 9. d5 Nb4 10. Be3 O-O 11. O-O Bg4 12. Qb3 e6 13. Rfd1 exd5 14. cxd5 Nd7 15.
h3 Bf5 16. Rac1 Nf6 17. Bc5 Re8 18. Bb5 Ne4 19. Bxb4 axb4 20. Qxb4 Bf8 21. Qb3
Bh6 22. Bxe8 Qxe8 23. Nxe4 Bxe4 24. Rxc7 Bf4 25. Rxb7 Rxa4 26. Qb5 Qa8 27. Qd7
Kh8 28. Qxf7 1-0

[Event "Cracovia 2009"]
[Site "Krakow"]
[Date "2010.01.04"]
[Round "9.26"]
[White "Sowul, Bartosz"]
[Black "Jussupow, Nadia"]
[Result "1-0"]
[WhiteElo "2101"]
[BlackElo "2178"]
[PlyCount "51"]
[EventDate "2009.??.??"]

1. e4 e5 2. Nf3 Nc6 3. Bb5 g6 4. d4 exd4 5. Bg5 Bb4+ 6. Nbd2 f6 7. Bh4 a6 8.
Bc4 d6 9. O-O Bg4 10. h3 Bxd2 11. hxg4 Bf4 12. Nxd4 Nxd4 13. Qxd4 Qe7 14. Bxg8
Rxg8 15. Bxf6 Qe6 16. Qd5 Kd7 17. Qxe6+ Kxe6 18. Bc3 h5 19. g3 Bh6 20. gxh5
gxh5 21. Kg2 Raf8 22. Rh1 Rg5 23. Rh4 Kf7 24. Rah1 Kg6 25. f4 Rg4 26. f5+ 1-0

[Event "Cracovia 2009"]
[Site "Krakow"]
[Date "2010.01.04"]
[Round "9.27"]
[White "Korosciel, Aneta"]
[Black "Jussupow, Ekaterina"]
[Result "1/2-1/2"]
[WhiteElo "2030"]
[BlackElo "2153"]
[PlyCount "44"]
[EventDate "2009.??.??"]

1. e4 d5 2. exd5 Qxd5 3. Nc3 Qa5 4. d4 Nf6 5. Nf3 Bf5 6. Bc4 e6 7. Bd2 c6 8.
Qe2 Bb4 9. O-O-O Nbd7 10. a3 Bxc3 11. Bxc3 Qc7 12. Rhe1 O-O-O 13. Ne5 Nxe5 14.
Qxe5 Qxe5 15. dxe5 Rxd1+ 16. Rxd1 Nd5 17. Bxd5 cxd5 18. Bd4 b6 19. Re1 Kd7 20.
Re3 Rf8 21. Rc3 f6 22. f4 Rf7 1/2-1/2

[Event "Cracovia 2009"]
[Site "Krakow"]
[Date "2010.01.04"]
[Round "9.28"]
[White "Andrzejewska, Anna"]
[Black "Bebchuk, Leonid"]
[Result "1/2-1/2"]
[WhiteElo "2007"]
[BlackElo "2151"]
[PlyCount "104"]
[EventDate "2009.??.??"]

1. e4 e5 2. Nf3 Nf6 3. Nxe5 d6 4. Nf3 Nxe4 5. Nc3 Nxc3 6. dxc3 Be7 7. Bf4 O-O
8. Qd2 Nd7 9. O-O-O Nc5 10. Nd4 Ne6 11. Nxe6 fxe6 12. Kb1 e5 13. Be3 Be6 14. f4
exf4 15. Bxf4 Qd7 16. Be3 Bf6 17. Be2 Qa4 18. a3 Be5 19. g3 c6 20. Bd4 Bxd4 21.
cxd4 Bh3 22. Bf1 Bg4 23. Be2 Bxe2 24. Qxe2 Rae8 25. Qd2 Re4 26. Rhe1 Rfe8 27.
Rxe4 Rxe4 28. c3 Qc4 29. Re1 Qe6 30. Rxe4 Qxe4+ 31. Qc2 Qh1+ 32. Ka2 Qd5+ 33.
Kb1 b5 34. Qe2 Kf7 35. Qf2+ Kg6 36. Qe2 Qf5+ 37. Ka2 Kf7 38. Ka1 a5 39. Qe1 Qc2
40. Qb1 Qxb1+ 41. Kxb1 a4 42. Kc2 Ke6 43. Kd3 Kf5 44. h3 h5 45. Ke3 g5 46. Kf3
h4 47. g4+ Kf6 48. Ke3 Ke7 49. Kf3 Ke6 50. Ke4 c5 51. Ke3 Kd5 52. Kd3 Ke6
1/2-1/2

[Event "Cracovia 2009"]
[Site "Krakow"]
[Date "2010.01.04"]
[Round "9.29"]
[White "Czyz, Artur"]
[Black "Tantsiura, Marja"]
[Result "1-0"]
[WhiteElo "2070"]
[BlackElo "1995"]
[PlyCount "45"]
[EventDate "2009.??.??"]

1. e4 g6 2. d4 Bg7 3. Nf3 d6 4. Nc3 Nf6 5. Be2 O-O 6. O-O Nbd7 7. e5 Ne8 8. e6
fxe6 9. Ng5 Ndf6 10. Re1 c6 11. Bd3 Nc7 12. Ne2 Nfd5 13. c4 Nb4 14. Bb1 e5 15.
a3 Nba6 16. Ng3 e4 17. Bxe4 Bf5 18. Bxf5 gxf5 19. Nh5 h6 20. Ne6 Nxe6 21. Rxe6
Kf7 22. Nxg7 Kxg7 23. Qh5 1-0

[Event "Cracovia 2009"]
[Site "Krakow"]
[Date "2010.01.04"]
[Round "9.30"]
[White "Staroszczyk, Mateusz"]
[Black "Grabowski, Adam"]
[Result "1-0"]
[WhiteElo "2044"]
[BlackElo "1924"]
[PlyCount "87"]
[EventDate "2009.??.??"]

1. e4 {[%emt 0:00:00]} e5 2. Nf3 Nc6 3. Bc4 Bc5 4. O-O Nf6 5. d3 d6 6. c3 a6 7.
Bb3 Ba7 8. Nbd2 Bg4 9. Nc4 Qd7 10. Ne3 O-O-O 11. Nxg4 Nxg4 12. Ng5 h6 13. Nxf7
Rdf8 14. Nxh8 Nxf2 15. d4 exd4 16. Rxf2 dxc3 17. Nf7 Na5 18. Qe2 Nxb3 19. axb3
cxb2 20. Bxb2 Qxf7 21. Raf1 g5 22. g3 Qxb3 23. Kg2 Rxf2+ 24. Rxf2 Bxf2 25. Qxf2
c5 26. Bg7 c4 27. Bxh6 c3 28. Bxg5 Qb2 29. Kf3 c2 30. Qd2 Qb1 31. Ke2 Qb5+ 32.
Kf3 Qb1 33. Kg4 Qd1+ 34. Kf5 b5 35. Qc3+ Kd7 36. Qg7+ Kc6 37. Qc3+ Kd7 38. h4
Qf1+ 39. Bf4 Qf2 40. e5 b4 41. e6+ Kd8 42. Qxb4 c1=Q 43. Qxd6+ Ke8 44. Qd7+ 1-0

[Event "Cracovia 2009"]
[Site "Krakow"]
[Date "2010.01.04"]
[Round "9.31"]
[White "Rago, Riccardo"]
[Black "Shilov, Sergej"]
[Result "1/2-1/2"]
[WhiteElo "2105"]
[BlackElo "2267"]
[PlyCount "65"]
[EventDate "2009.??.??"]

1. e4 g6 2. d4 Bg7 3. Nf3 c5 4. c3 cxd4 5. cxd4 d5 6. Bb5+ Bd7 7. Bxd7+ Qxd7 8.
e5 Nc6 9. O-O e6 10. Nc3 Nge7 11. b3 O-O 12. Bb2 f6 13. Ne2 fxe5 14. Nxe5 Nxe5
15. dxe5 g5 16. Qd2 Rac8 17. Rac1 h6 18. f4 Rxc1 19. Rxc1 gxf4 20. Nxf4 d4 21.
Ba3 Bxe5 22. Nh5 Kh7 23. Qd3+ Kh8 24. Qe4 Bb8 25. Bxe7 Qxe7 26. Qxd4+ e5 27.
Qe3 Qg5 28. Qxg5 hxg5 29. Rf1 Rxf1+ 30. Kxf1 Kh7 31. g4 Kg6 32. Ke2 e4 33. h3
1/2-1/2

[Event "Cracovia 2009"]
[Site "Krakow"]
[Date "2010.01.04"]
[Round "9.32"]
[White "Motyl, Tomasz"]
[Black "Gluszko, Monika"]
[Result "1/2-1/2"]
[WhiteElo "2022"]
[BlackElo "1983"]
[PlyCount "64"]
[EventDate "2009.??.??"]

1. e4 c5 2. c3 d5 3. exd5 Qxd5 4. d4 Nf6 5. Nf3 e6 6. Na3 Nc6 7. Nb5 Qd8 8.
dxc5 Bxc5 9. Qxd8+ Kxd8 10. Bf4 Nd5 11. Bg3 a6 12. Nd6 Ke7 13. Ne4 Ba7 14. Bd6+
Kd7 15. Ba3 Rd8 16. Rd1 f5 17. Neg5 Ke8 18. Nxh7 b5 19. c4 Ndb4 20. Rxd8+ Kxd8
21. Bxb4 Nxb4 22. a3 Nc2+ 23. Kd2 Nd4 24. Ne5 Bb7 25. f3 Ke8 26. b4 bxc4 27.
Bxc4 Rd8 28. Bd3 Nb3+ 29. Kc2 Nd4+ 30. Kd2 Nb3+ 31. Kc2 Nd4+ 32. Kd2 Nb3+
1/2-1/2

[Event "Cracovia 2009"]
[Site "Krakow"]
[Date "2010.01.04"]
[Round "9.33"]
[White "Zajac, Mateusz"]
[Black "Watorek, Marcin"]
[Result "1/2-1/2"]
[WhiteElo "1839"]
[BlackElo "2133"]
[PlyCount "61"]
[EventDate "2009.??.??"]

1. Nf3 d5 2. c4 d4 3. b4 c5 4. bxc5 Nc6 5. d3 e5 6. Qa4 Bd7 7. Ba3 Nf6 8. g3 e4
9. dxe4 Nxe4 10. Bg2 Nxc5 11. Bxc5 Bxc5 12. O-O O-O 13. Nbd2 Qe7 14. Rfb1 Nb4
15. Qb3 Bf5 16. Rc1 Qxe2 17. Re1 Qd3 18. Bf1 Qc3 19. Re5 Qxa1 20. Rxc5 Bh3 21.
Qxb4 Bxf1 22. Nxf1 Rad8 23. Rd5 Qxa2 24. Qxb7 Qxc4 25. Rxd8 Rxd8 26. Qxa7 d3
27. Qe7 Ra8 28. Qd7 Qc3 29. Qd5 Re8 30. N1d2 h6 31. Kg2 1/2-1/2